00445nam a2200169Ia 4500008004100000020002200041041000800063082002000071100001600091245005000107250001100157260004400168300000900212500000800221650003000229700001600259230125s9999 xx 000 0 und d a978-93-5024-998-7 aeng a658.312 44bMIC aMichael V P aHuman Resource Management and human relations a5th ed c2011bHimalaya Publishing HouseaMumbai a777p aHRM aHuman Resource Management aMichael V P